000 00798nam a2200265 i 4500
001 C2-0248795
003 PPAK
005 20180727212951.0
008 030422s2002 enka|||| ||||| | eng d
020 _a043115323X
040 _aPPAK
_beng
_cPPAK
_erda
082 0 4 _a573.9981
_223
090 0 0 _a573.9981
_bMIL
_dRK
100 1 _aMiles, lizabeth,
_eauthor
245 1 0 _aLegs and feet
264 1 _aOxford :
_bHeinemann Library ,
_c2002
300 _a32 pages :
_bcolour illustrations ;
_c27 cm
336 _2rdacontent
_atext
337 _2rdamedia
_aunmediated
338 _2rdacarrier
_avolume
490 1 _aWhy do animals have
650 1 0 _aFoot - Juvenile literature. ; Leg - Juvenile literature. ; Physiology - Juvenile literature.
830 0 _aWhy do animals have
942 _ddc
_cB
999 _c62411
_d62411